Statistics for Cities Close to Denver on a Map

Click here to take the quiz!

General Stats

  • This quiz has been taken 63 times
  • The average score is 17 of 25

Answer Stats

Population City Distance % Correct
200,662Salt Lake City371
100%
564,764Albuquerque334
95%
493,799Colorado Springs63
91%
65,864Cheyenne97
90%
85,642Santa Fe285
88%
452,061Omaha486
84%
291,623Lincoln443
83%
392,428Wichita436
81%
125,353Topeka499
78%
14,101Pierre398
78%
203,290Amarillo357
76%
110,668Billings454
74%
56,387Casper226
67%
122,103Provo355
64%
264,029Lubbock460
60%
63,025Idaho Falls447
60%
75,572Flagstaff481
59%
64,092Grand Junction196
55%
171,266Fort Collins59
55%
90,844Ogden381
53%
76,007Rapid City313
52%
114,221Pueblo104
45%
55,208Pocatello443
38%
88,885Saint George499
36%
47,635Roswell439
31%

Score Distribution

Percentile by Number Answered

Percent of People with Each Score

Your Score History

You have not taken this quiz